000 00759nam a22002417a 4500
003 UA-OsUOA
001 39841
007 ta
008 20060703b un ||||| |||| 00| 0 ukr d
100 _aКапранов С. В.
090 _a82.09(520)
_bК20
942 _cBK
040 _aUA-OsUOA
_bukr
_cUA-OsUOA
_dUA-OsUOA
245 _a"Ісе моногатарі" як пам'ятка японської релігійно-філософської культури доби Хейан
_bМонографія
300 _a148 с.
955 _a2
041 _aukr
080 _a82.09(520)
020 _a966-518-253-6
260 _aК.
_bКМА
_c2004
650 7 _a82 Література. Літературознавство
_2UDC
999 _c325982
_d325982